000 03163cam a22011774i 4500
003 PE-LiUPU
005 20250813185336.0
008 160927s r 000 0 spa d
035 _a(Sirsi) a163817
040 _aPE-LiUPU
_bspa
_cPE-LiUPU
_erda
049 _aPRUA
082 0 4 _a303.4
_bM43
_220
100 1 _aMercado Jarrín, Edgardo,
_eautor.
245 1 3 _aLa revolución geoestratégica /
_cEdgardo Mercado Jarrín.
264 _aLima :
_bCEPEI,
_c2001.
300 _a486 páginas :
_bilustraciones ;
_c21 centímetros.
336 _atext
_2rdacontent
337 _aunmediated
_2rdamedia
338 _avolume
_2rdacarrier
504 _aBibliografía : páginas 483-486.
505 0 _aEl escenario mundial: la revolución geoestratégica -- Globalización en el contexto interdisciplinario y geoestratégico -- La guerra de Kosovo: enseñanzas político - estrtatégicas -- Estados unidos y las relaciones con América Latina -- El conflicto interno colombiano ¿una amenaza a la seguridad hermisférica? -- Un bloque suramericano -- Operación de chavín de Huantar -- La amazonía su participación transcontinental -- La defensa nacional.
526 _aP202
526 _aP201
526 _aP163
526 _aP162
526 _aP161
526 _aP160
526 _aP148
526 _aP147
526 _aP146
526 _aP145
526 _aP144
526 _aP143
526 _aP142
526 _aP141
526 _aP140
526 _aP139
526 _aP138
526 _aP137
526 _aP136
526 _aP135
526 _aP134
526 _aP133
526 _aP129
526 _aP128
526 _aP127
526 _aP120
526 _aP119
526 _aP118
526 _aP116
526 _aP115
526 _aP114
526 _aP110
526 _aP109
526 _aP108
526 _aP104
526 _aP103
526 _aP102
526 _aP99
526 _aP98
526 _aP97
526 _aP96
526 _aP95
526 _aP93
526 _aP90
526 _aP89
526 _aP88
526 _aP83
526 _aP82
526 _aP62
526 _aP59
526 _aP58
526 _aP57
526 _aP51
526 _aP49
526 _aP48
526 _aP47
526 _aP29
526 _aP24
526 _aP20
526 _aP19
526 _aP17
526 _aP15
526 _aP14
526 _aP12
526 _aP10
526 _aP09
526 _aP08
526 _aP07
526 _aP06
526 _aP05
526 _aP04
526 _aP01
910 _ajck
_bncf
_cncf
_d20160927
942 _2ddc
_cBOOK
949 _a303.4 M43
_wDEWEY
_c1
_i74773
_lCATALOGING
_mBUL
_p12.00
_r0
_sY
_tBOOK
_u27/09/16
_xFCE
_PP04
_0DONACION
_o.STAFF. Colección Ciencias Empresariales
994 _aC0
_bPEPRU
596 _a1
999 _a303.4 M43
_wDEWEY
_c12677
_i74773
_f2021-11-4
_g6
_lCCODEBUL1
_mBUL
_p12.00
_r0
_sY
_tBOOK
_u2016-9-27
_xBIBLIOTECA
_PP04
_0COMPRA
_o.STAFF. Colección Ciencias Empresariales
_d12677
980 _81
_gALBERTO SANCHEZ Responsable de Automatización